Sacramento Kings NBA All-Stars - Statistics

General Stats
  • This quiz has been taken 893 times
    612 since last reset
  • The average score is 8 of 25
Answer Stats
Players Selections Last % Correct
De'Aaron Fox 1 2023
91%
Oscar Robertson 10 1970
91%
Domantas Sabonis 1 2023
90%
Chris Webber 4 2003
84%
DeMarcus Cousins 3 2017
79%
Peja Stojakovic 3 2004
72%
Vlade Divac 1 2001
59%
Mitch Richmond 5 1998
51%
Jerry Lucas 6 1969
38%
Nate Archibald 3 1976
37%
Brad Miller 1 2004
24%
Adrian Smith 1 1966
23%
Jack Twyman 6 1963
23%
Johnny Green 1 1971
11%
Otis Birdsong 3 1981
11%
Maurice Stokes 3 1958
10%
Sam Lacey 1 1975
10%
Arnie Risen 5 1955
8%
Scott Wedman 2 1980
8%
Wayne Embry 5 1965
8%
Bob Davies 4 1954
7%
Bobby Wanzer 5 1956
6%
Tom Van Arsdale 3 1972
5%
Jack Coleman 1 1955
3%
Richie Regan 1 1957
1%
No matching quizzes found
Score Distribution
Percent of People with Each Score
Percentile by Number Answered
Your Score History
You have not taken this quiz since the last reset